| 000 | 00875nam a2200253Ia 4500 | ||
|---|---|---|---|
| 003 | OSt | ||
| 005 | 20221005113018.0 | ||
| 006 | a|||||r|||| 00| 0 | ||
| 007 | ta | ||
| 008 | 221004b |||||||| |||| 00| 0 hin d | ||
| 020 |
_a8123747853 (hbk) _c95 |
||
| 024 | _a11670 | ||
| 037 |
_b820, 13/03/2014, H.K. Prakashan _cTextual |
||
| 040 |
_aCRL _cCRL _bhin |
||
| 041 |
_2hin _ahin |
||
| 082 | _aO152,3N37,NK, 153P6 | ||
| 100 | _aੁਕਲ, ਵਿਨੋਦ ਕੁਮਾਰ | ||
| 245 | 0 | _aਨੌਕਰ ਦੀ ਕਮੀਗ਼ | |
| 260 |
_aਦਿੱਲੀ _bਨੈਨਲ ਬੁੱਕ ਟਰੱਸਟ ਭਾਰਤ _c2006 |
||
| 300 |
_a246ਪੰ _ccm. |
||
| 650 | _aਹਿੰਦੀ ਸਾਹਿਤ | ||
| 942 |
_hO152,3N37,NK, 153P6 _cTEXL _2cc |
||
| 999 |
_c1026750 _d1026750 |
||